000 00805nas a2200253 4500
001 BR9904375
003 BR-BrBNA
005 20231205101544.0
007 ta
008 230509b bl.|||p| |||| 00| 00por d
040 _aBR-BrBNA
_bpor
_cBiblioteca Nacional de Agricultura
041 _a(Pt)
072 _aQ02; P06
100 1 _aSilva, I.D. da
100 1 _aSilva, J.N. da
245 1 _aProjeto, construcao e testes de uma fornalha a carvao vegetal para secagem de cafe despolpado/descascado
650 _aCafe
650 _aForno
650 _aCarvao Vegetal
650 _aSecagem
773 0 _tRevista Brasileira de Engenharia Agricola e Ambiental (Brazil)
_xISSN 1415-4366
_g(Sep-Dec 1998), v. 2(3) p. 301-307
_wBR9904375
909 _a202311
_bLúcia
_c55
_dLúcia Elande
942 _2AGRIS
_n0
_cANA
999 _c162504
_d162504